000 00601nam a2200241Ia 4500
003 OSt
005 20221007082223.0
006 a|||||r|||| 00| 0
007 ta
008 221006b |||||||| |||| 00| 0 eng d
024 _a14,971
037 _cTextual
040 _aFLL
_cFLL
_beng
041 _2eng
_aeng
082 _aV2:2:9ZqN49, J1
110 _aGovt. of india
245 0 _aGeneral rules and orders under the constitution
260 _c1951
300 _a338p
_ccm.
700 _aGovt. of india
942 _hV2:2:9ZqN49, J1
_cTEXL
_2CC
999 _c1165716
_d1165716